| 000 | 00788 a2200265 4500 | ||
|---|---|---|---|
| 001 | 63258 | ||
| 999 |
_c63258 _d17448 |
||
| 003 | TR-AnTOB | ||
| 005 | 20190408214240.0 | ||
| 008 | 110502s1997 nyua 000 0 d | ||
| 020 | _a0883631970 | ||
| 035 | _a37046105 | ||
| 040 |
_aUOK _cUOK |
||
| 041 | _aeng | ||
| 043 | _aa-is--- | ||
| 050 |
_aDS109.3 _bR65 1997 |
||
| 090 | _aDS109.3 R65 1997 | ||
| 100 |
_aRonnen Safdie, Michal _935055 |
||
| 245 | 4 |
_aThe Western Wall / _cMichal Ronnen Safdie ; with an introduction by Yehuda Amichai. |
|
| 264 | 1 |
_a[New York?] : _bHugh Lauter Levin Associates, _cc1997. |
|
| 300 |
_a143 p. : _bchiefly col. ill. (some folded) ; _c28 cm. |
||
| 650 |
_aWestern Wall (Jerusalem) _vPictorial works _935056 |
||
| 901 |
_aRVB _b2561678x |
||
| 942 | _cBK | ||